Pays d'Afrique à l'aveugle - Statistiques

Statistiques générales
  • Ce quiz a été pris 237 fois
  • Le résultat moyen est 49 sur 54
Statistiques - réponses
Réponse % Correct
Algérie
99%
Afrique du sud
97%
République démocratique du Congo
97%
République du Congo
97%
Tunisie
97%
Egypte
96%
Libye
96%
Maroc
96%
Cote d'Ivoire
95%
Mali
95%
Togo
95%
Erythrée
94%
Ethiopie
94%
Guinée
94%
Madagascar
94%
Mauritanie
94%
Sénégal
94%
Tanzanie
94%
Zambie
94%
Zimbabwe
94%
Angola
93%
Bénin
93%
Guinée Equatoriale
93%
Kenya
93%
Rwanda
93%
Somalie
93%
Gambie
92%
Guinée-Bissau
92%
Lesotho
92%
Mozambique
92%
République centrafricaine
92%
Soudan
92%
Cameroun
91%
Djibouti
91%
Eswatini
91%
Gabon
91%
Namibie
91%
Niger
91%
Tchad
91%
Cap-Vert
90%
Libéria
89%
Nigeria
89%
Ouganda
89%
Comores
88%
Ghana
88%
Sierra Leone
88%
Soudan du sud
88%
Botswana
87%
Burkina-Faso
87%
Burundi
87%
Maurice
86%
Seychelles
86%
Malawi
85%
Sao-Tomé-Et-Principe
82%
Aucun quiz correspondant
Distribution des résultats
% des personnes avec chaque résultat
Percentile par nombre de réponses
Votre historique - résultats
Vous n’avez pas pris ce quiz